Top 25 F1 drivers with the most Fastest laps - Statistics

General Stats
  • This quiz has been taken 110 times
  • The average score is 19 of 26
Answer Stats
Number Total FL Driver % Correct
2 61 Lewis Hamilton
100%
13 21 Max Verstappen
98%
1 77 Michael Schumacher
98%
5 38 Sebastian Vettel
94%
16 19 Ayrton Senna
92%
4 41 Alain Prost
91%
10 23 Fernando Alonso
91%
3 46 Kimi Raikkonen
87%
15 20 Nico Rosberg
82%
16 19 Valterri Bottas
80%
9 24 Niki Lauda
78%
8 25 Mika Häkkinen
77%
10 23 Juan Manuel fangio
76%
16 19 Damon Hill
75%
10 23 Nelson Piquet
75%
16 19 Mark webber
72%
7 28 Jim clark
69%
6 30 Nigel Mansell
67%
22 17 Rubens Barrichello
66%
23 16 Daniel Ricciardo
65%
24 15 Felipe Massa
65%
21 18 David Coulthard
57%
24 15 Jackie Stewart
56%
16 19 Stirling Moss
52%
13 21 Gerhard Berger
28%
24 15 Clay Regazzoni
16%
No matching quizzes found
Score Distribution
Percent of People with Each Score
Percentile by Number Answered
Your Score History
You have not taken this quiz